Online
Catalog

Der Richter und sein Henker; : (Record no. 18443)

MARC details
000 -CABECERA
campo de control de longitud fija 00740cam a22002291 4500
001 - NÚMERO DE CONTROL
campo de control 000018925
005 - FECHA Y HORA DE LA ÚLTIMA TRANSACCIÓN
campo de control 20200929165902.0
008 - DATOS DE LONGITUD FIJA--INFORMACIÓN GENERAL
campo de control de longitud fija 750717s1970 gw 000 0 ger
020 ## - NÚMERO INTERNACIONAL ESTÁNDAR DEL LIBRO
Número Internacional Estándar del Libro 3499101505
040 ## - FUENTE DE LA CATALOGACIÓN
Centro catalogador/agencia de origen DO-SdBNP
Centro/agencia transcriptor FMU
Centro/agencia modificador OCoLC
-- DLC
082 ## - NÚMERO DE LA CLASIFICACIÓN DECIMAL DEWEY
Número de clasificación 833.914
Número de documento/Ítem D965r
049 ## - FONDOS LOCALES (OCLC)
Fondos de biblioteca BNGR
100 1# - ENTRADA PRINCIPAL--NOMBRE DE PERSONA
Nombre de persona Durrenmatt, Friedrich,
Fechas asociadas al nombre 1921-1990
9 (RLIN) 40731
245 14 - MENCIÓN DE TÍTULO
Título Der Richter und sein Henker; :
Resto del título Roman. /
Mención de responsabilidad, etc. Friedrich Durrenmatt ; Karl Staudinger.
260 ## - PUBLICACIÓN, DISTRIBUCIÓN, ETC.
Lugar de publicación, distribución, etc. Reinbek b. Hamburg :
Nombre del editor, distribuidor, etc. Rowohlt,
Fecha de publicación, distribución, etc. 1970.
300 ## - DESCRIPCIÓN FÍSICA
Extensión 116 p. :
Otras características físicas il. ;
Dimensiones 19 cm.
490 0# - MENCIÓN DE SERIE
Mención de serie Rororo [Taschenbuch] 150
650 #4 - PUNTO DE ACCESO ADICIONAL DE MATERIA--TÉRMINO DE MATERIA
Término de materia o nombre geográfico como elemento de entrada Novela suiza
9 (RLIN) 13268
650 #4 - PUNTO DE ACCESO ADICIONAL DE MATERIA--TÉRMINO DE MATERIA
Término de materia o nombre geográfico como elemento de entrada Literatura suiza
Subdivisión cronológica SIGLO XX
9 (RLIN) 32948
700 1# - PUNTO DE ACCESO ADICIONAL--NOMBRE DE PERSONA
Nombre de persona Staudinger, Karl
9 (RLIN) 40732
910 ## - DATOS DE OPCIÓN DEL USUARIO (OCLC)
Datos de opción del usuario Catalogación derivada / LC
Holdings
Estado de retiro Estado de pérdida Restricciones de uso No para préstamo Código de colección Localización permanente Ubicación/localización actual Ubicación en estantería Fecha de adquisición Número de inventario Total de préstamos Signatura topográfica completa Código de barras Fecha visto por última vez Precio válido a partir de Tipo de ítem Koha
      Excluido de préstamo Monografías: Libros y Folletos General General En catalogación 20.05.2010 LF1   833.914 D965r 18925-10 25.06.2020 25.06.2020 No se presta

Powered by Koha